| 000 | 01549nam a22002297a 4500 | ||
|---|---|---|---|
| 003 | Uzh_bibl | ||
| 008 | 260525b |||||||| |||| 00| 0 ukr d | ||
| 020 |
_a978-0-00-787475-0 _c100.00 |
||
| 040 | _bукр. | ||
| 041 |
_2eng _aeng |
||
| 080 | _a821(410) | ||
| 090 |
_a821(410) _bМ 83 |
||
| 100 | _a Morpurgo, Michael | ||
| 245 |
_aPrivate Peaceful _hText |
||
| 260 |
_aLondon _bHarperCollinsChildren’sBooks _c2004 |
||
| 300 |
_a184 s. _bil. |
||
| 520 | _aГероїзм чи боягузтво? Вражаюча історія Першої світової війни від майстра-оповідача. Розказана голосом молодого солдата, історія розповідає про 24 години його життя на фронті під час Першої світової війни та передає його спогади, коли він озирається на своє життя. Сповнена вражаюче досліджених деталей і захопливої атмосфери, книга веде до драматичного та зворушливого фіналу. Це і любовна історія, і глибоко зворушлива розповідь про жахи Першої світової війни, ця книга охопить усіх віком від 9 до 90 років. | ||
| 521 | _aДля підлітків | ||
| 546 | _aукр. | ||
| 650 | _aЛітературно-художне видання | ||
| 942 |
_2udc _cBK |
||
| 999 |
_c18034 _d18034 |
||